000 01195nam a2200301 i 4500
003 EG-GICUC
005 20260121101415.0
008 251202s1988 ua ||||fr|||| 00| 0 ara d
040 _a EG-GICUC
_bara
_c EG-GICUC
_d EG-GICUC
_erda
041 0 _aara
082 0 4 _221
_a345.2
_bخ م . إ
092 0 4 _221
099 _aLaw1 07 345.2 خ م . إ 1988
100 0 _aخميس السيد اسماعيل
_eمؤلف.
245 1 2 _aالإدارة الحديثة للمؤسسات والشركات العامة :
_bبمصر والدول العربية وتجربة اشتراك العمال في الادارة /
_cدكتور خميس السيد اسماعيل.
250 _aطبعة جديدة منقحة
264 1 _aالقاهرة :
_bخميس السيد اسماعيل،
_c1988.
300 _a358 ؛صفحة
_c24 سم.
336 _2rda content
_atext
337 _2rda media
_aComputer
338 _2rda carrier
_aOnline Resource
546 _aالنص باللغة العربية
650 1 4 _aالتنظيم الإداري
650 1 4 _aالقانون الإداري
856 4 0 _uhttps://fll.law.cu.edu.eg/fulltext/bks/B07-01269.pdf
905 _a32
_eYara
942 _2ddc
_cBK
_e21
_n0
999 _c47838
_d47838